LEADER 01653nam0 22003373i 450 001 SBL0419575 005 20251003044354.0 020 $aIT$b656871 100 $a19910930d1964 ||||0itac50 ba 101 | $aita 102 $ait 181 1$6z01$ai $bxxxe 182 1$6z01$an 183 1$6z01$anc$2RDAcarrier 200 1 $aˆIl ‰Matese$fVittorina Langella 210 $aRoma$c[s. n.]$d1964$eRoma$gNuova tecnica grafica 215 $a133 p., [3] p. di tav., [1] carta geogr. ripieg.$cill.$d25 cm. 225 | $aPubblicazioni dell'Istituto di geografia dell'Università di Roma. N. S$v11 410 0$1001SBL0419574$12001 $aPubblicazioni dell'Istituto di geografia dell'Università di Roma. N. S$v11$171201$aUniversita degli studi$c $b : Istituto di geografia$3SBLV049596 606 $aMatese$2FIR$3SBLC135273$9I 676 $a914.572$9GEOGRAFIA. CAMPANIA$v23 700 1$aLangella$b, Vittorina$3CFIV130124$4070$0449383 801 3$aIT$bIT-000000$c19910930 850 $aIT-BN0095 $aIT-NA0304 $aIT-CE0060 901 $bNAP 01$cPOZZO LIB.$nVi sono collocati fondi di economia, periodici di ingegneria e scienze, periodici di economia e statistica e altri fondi comprendenti documenti di economia pervenuti in dono. 901 $bNAP 74$cBIBLIOTECA$nubicata a Castel dell'Ovo 912 $aSBL0419575 950 0$aBiblioteca Centralizzata di Ateneo$c1 v.$d 01POZZO LIB.F. LANGELLA 293$e 0101 0600180075E VMA 1 v. (Precedente collocazione LG 34)$fB $h20221017$i20221017 977 $a 01$a 74$a AS 996 $aMatese$92920511 997 $aUNISANNIO